Цирк (Запис номер 148865)
[ съкратено ]
| 000 -Лидер | |
|---|---|
| Контролно поле с фиксирана дължина | 01103nam a2200325 c 4500 |
| 003 - Код на организацията, давaща контролен номер | |
| Контролно поле | BLK |
| 005 - Дата и час на последна редакция | |
| Контролно поле | 20231102005220.0 |
| 008 - Елементи от данни с фиксирана дължина | |
| fixed length control field | 180410b bul|||||r ||||||| ||bul|| |
| 010 ## - Наследен системен номер | |
| LC control number | KNG00155095000 |
| 040 ## - Източник на каталожния запис | |
| Идентификатор на билиотеката - собственик на записа | BLK |
| 041 ## - Код за език | |
| Код за езика на текст/звукозапис или на отделно заглавие | Български |
| Код за езика КДБФ | Български |
| 080 ## - УДК | |
| Текстов определител УДК | |
| УДК код - определител по УДК | 793.4/.9 |
| УДК определител | |
| УДК - код + определител | 793.4/.9 |
| 139 ## - Редно поле | |
| Редна дума | Кръстев, Тодор |
| Авторски знак | Кръ - К 92 |
| 245 10 - Сведения за заглавието | |
| Заглавие | Цирк |
| Подзаглавни данни | Кн.-играчка |
| Редно поле (дума) | худож. Тодор Кръстев. |
| 257 ## - Страна на издаване | |
| Страна на създаване/издаване | България |
| 260 ## - Област на издателските данни | |
| -- | София |
| Име на издателя, разпространителя и проч. | Свят |
| Година на издаване | 1986 |
| 300 ## - Физическа характеристика | |
| Страници | 52 с. |
| Илюстрации и др. | с цв. ил. |
| Размери/Мащаб | 23х34 см |
| 380 ## - Жанр | |
| Жанр | Детска отраслова лит. |
| 500 ## - Общи забележки | |
| Забележка | Кор. опис. - Офс. изд. - 52 200 тир. |
| 650 #4 - Допълнително описание по предмет – тема | |
| Основно описание – тема или топоним | Детски игри |
| 9 (RLIN) | 241574 |
| 653 ## - Ключова дума – ненормативна | |
| Ключова дума | книги-игри |
| 653 ## - Ключова дума – ненормативна | |
| Ключова дума | цирк |
| 700 ## - Други автори (авторска отговорност) | |
| Лично име | Кръстев, Тодор |
| Друга информация | Стоянов, Тодор Кръстев |
| Автороска отговорност (Описва отношението между автора и произведението) | худож. |
| 9 (RLIN) | 249110 |
| 852 ## - Местоположение | |
| Форматна сигнатура | Цб Гр А 2546 |
| 856 4# - Електронен адрес и достъп | |
| Електронен формат | pdf - файл |
| Път до файла /url/ | |
| 856 4# - Електронен адрес и достъп | |
| Електронен формат | pdf - файл |
| Път до файла /url/ | |
| 942 ## - АРТИКУЛИ | |
| Вид на библиотечния материал | Книги |
| Скрит в OPAC | Не |
| 944 ## - СЪЗДАВАНЕ И РЕДАКЦИЯ на ЗАПИСА | |
| Създаване/Редакция | Създаване |
| Дата на регистрацията/редакция | 02.01.2014 |
| Статус, дата на статуса | CRON CRON |
| Служител, извършил регистрацията/редакцията | |
| 944 ## - СЪЗДАВАНЕ И РЕДАКЦИЯ на ЗАПИСА | |
| Създаване/Редакция | Редакция |
| Дата на регистрацията/редакция | 02.01.2014 |
| Статус, дата на статуса | 02.01.2014 - от С1,Р / 02.01.2014 |
| Служител, извършил регистрацията/редакцията | |
| 999 ## - СИСТЕМНИ КОНТРОЛНИ НОМЕРА | |
| Koha biblionumber | 148865 |
| Koha biblioitemnumber | 148865 |
| Код за отписване | Код за изгубен артикул | Източник на класификационната схема | Код за повреда | Коз за рестрикции | Код за отдаване | Артикулен № | Име на библиотеката - собственик | Име на библиотеката, в която се намира в момента | Статус (Текущо местоположение) | Дата на вписване в системата | Местоположение - отдел | Цена в лева | Инвентарен номер | Систематично азбучна сигнатура | Баркод | Номер на екземпляра | Цена в евро | Служебна бележка | Служебен тип на артикула |
|---|---|---|---|---|---|---|---|---|---|---|---|---|---|---|---|---|---|---|---|
| Не е изгубен | Universal Decimal Classification | Не е повреден | без рестрикции | ползва се в читалня | 248156 | Регионална библиотека "Любен Каравелов" Русе | Регионална библиотека "Любен Каравелов" Русе | Хранилище | 1986-01-01 | Хранилище | 1.16 | 460144 | Цб 303156 | 120000460144 | 1 | 0.59 | N: стар фонд Дата: 01.01.1986 | Книги | |
| Изтеглен | Не е изгубен | Universal Decimal Classification | Не е повреден | без рестрикции | заемане за дома | 248157 | Регионална библиотека "Любен Каравелов" Русе | Регионална библиотека "Любен Каравелов" Русе | Детски отдел | 1986-01-01 | Детски отдел | 1.16 | 474631 | ДН 79/К 92 | 474631 | 2 | 0.59 | N: стар фонд Дата: 01.01.1986 Дата инв: 26.08.2015 Бележки инв: Д2015 | Книги |